Phineas and Ferb: Across the 2nd Dimension Songs - Statistics

General Stats
  • This quiz has been taken 17 times
  • The average score is 5 of 9
Answer Stats
Picture Answer % Correct
Everything's Better With Perry
83%
Robot Riot
75%
Brand New Best Friend
58%
Summer (Where Do We Begin?)
58%
Brand New Reality
50%
I Walk Away
42%
Kick It Up A Notch
42%
Takin' Care of Things
33%
Baljeet Explanation
17%
No matching quizzes found
Score Distribution
Percent of People with Each Score
Percentile by Number Answered
Your Score History
You have not taken this quiz